Tecnociencia y cibercultura: la interrelación entre cultura, tecnología y ciencia

Na minha lista:
Detalhes bibliográficos
Main Authors: Aronowitz, Stanley (Author), Martinsons, Barbara (Author), Menser, Michael (Author)
Formato: Livro
Idioma:espanhol
Publicado em: Barcelona Paidós 1998
Edição:1a. ed
Colecção:Multimedia, 7
Assuntos:
Tags: Adicionar Tag
Sem tags, seja o primeiro a adicionar uma tag!

MARC

LEADER 00000cam a2200000 a 4500
001 UCD6982
003 CL-VaPUC
008 170303e19980000sp |||||||||||||||||spa|d
020 |a 8449304962 
082 0 4 |a 306.4  |b ARO  |2 21 
100 0 |a Aronowitz, Stanley  |e author  |9 590901 
700 0 |a Martinsons, Barbara  |e author  |9 590902 
700 0 |a Menser, Michael  |e author  |9 590903 
245 1 0 |a Tecnociencia y cibercultura: la interrelación entre cultura, tecnología y ciencia 
250 |a 1a. ed 
300 |a 366 p 
942 |c BK 
945 |d 20170303 17:35:00  |a arojas 
260 |a Barcelona  |b Paidós  |c 1998 
650 0 |a Sociología de la cultura   |9 318280 
650 7 |a CIBERCULTURA  |2 CL-VaPUC  |9 549115 
650 0 |a Ciencia y tecnología  |9 260585 
583 |a last modification  |c 20170303 17:35:00  |k Rodrigo Vera 
490 0 |a Multimedia, 7 
999 |c 367154  |d 367152 
952 |0 0  |1 0  |3 erb  |4 0  |6 306_400000000000000_ARO_1998  |7 0  |8 A  |9 481846  |a BIBENE  |b BIBENE  |i 532937K  |o 306.4 ARO 1998  |p 532937K  |r 2025-01-15  |w 2019-11-24  |y BK  |z Catalogado en:20170303  |k ICO